| 000 | 00654cam a22002411 4500 | ||
|---|---|---|---|
| 001 | ne 68004171 | ||
| 003 | DLC | ||
| 005 | 20260227111849.0 | ||
| 008 | 890514s1964 xx 000 0 per | ||
| 010 | _ane 68004171 | ||
| 035 | _a(OCoLC)23541652 | ||
| 040 |
_aDLC _cMiU _dDLC |
||
| 042 | _apremarc | ||
| 050 | 0 | 0 |
_aBP128.4 _b.S3 |
| 100 | 2 | _aṢāliḥī Najafābādī, Niʻmat Allāh. | |
| 245 | 1 | 0 | _aPartawī az jamāl-i insānīyat. |
| 260 | _c1343 [1964] | ||
| 300 |
_a340 p. _c23 cm. |
||
| 500 | _aRomanized. | ||
| 630 | 0 | 0 |
_aQurʼan. _pSūrat Yūsuf _xCommentaries. |
| 740 | 0 | _aJamāl-i insānīyat. | |
| 740 | 0 | _aTafsīr-i sūrat-i Yūsuf. | |
| 999 |
_c50961 _d50961 |
||